When she was good / Michael Robotham.
Available copies
- 3 of 3 copies available at LARL/NWRL Consortium.
- 2 of 2 copies available at Lake Agassiz Regional Library. (Show preferred library)
Current holds
0 current holds with 3 total copies.
Show Only Available Copies
| Location | Call Number / Copy Notes | Barcode | Shelving Location | Status | Due Date |
|---|---|---|---|---|---|
| Cormorant LINK Site | ROB (Text) | 33500013274451 | Main | Available | - |
| Detroit Lakes Public Library | ROB (Text) | 33500013274469 | Main | Available | - |
| Thief River Falls Public Library | ROB (Text) | 35500006293748 | Main | Available | - |
Record details
- ISBN: 9781982103637 (hardcover)
- ISBN: 1982103639 (hardcover)
- Physical Description: 337 pages ; 24 cm.
- Edition: First Scribner hardcover edition.
- Publisher: New York : Scribner, 2020.
- Copyright: ℗♭2020.
Content descriptions
| Summary, etc.: | Finds criminal psychologist Cyrus Haven uncovering ... Read More |
Search for related items by subject
| Subject: | Forensic psychologists > Fiction. Identity (Psychology) > Fiction. Psychologists > Fiction. Teenage girls > Fiction. Murder > Investigation > Fiction. Secrecy > Fiction. |
| Genre: | Psychological fiction. Thrillers (Fiction) |
Search for related items by series
| LDR | 01506cam a2200397 i 4500 | ||
|---|---|---|---|
| 001 | 340948 | ||
| 003 | LARL_NWRL_CONSORTIUM | ||
| 005 | 20200803153040.0 | ||
| 008 | 200129t20202020nyu 000 f eng d | ||
| 019 | . | ‡a1134777893 | |
| 020 | . | ‡a9781982103637 (hardcover) | |
| 020 | . | ‡a1982103639 (hardcover) | |
| 035 | . | ‡a(OCoLC)1143308015 ‡z(OCoLC)1134777893 | |
| 040 | . | ‡aNHP ‡beng ‡erda ‡cNHP ‡dSSH ‡dOCLCQ ‡dYDX ‡dAUCPL ‡dATNSH ‡dOCLCQ ‡dORX ‡dHBP ‡dIZ2 ‡dOCLCO ‡dDAD | |
| 100 | 1 | . | ‡aRobotham, Michael, ‡d1960- ‡eauthor. ‡0(LARL_NWRL_CONSORTIUM)192333 |
| 245 | 1 | 0. | ‡aWhen she was good / ‡cMichael Robotham. |
| 250 | . | ‡aFirst Scribner hardcover edition. | |
| 264 | 1. | ‡aNew York : ‡bScribner, ‡c2020. | |
| 264 | 4. | ‡c℗♭2020. | |
| 300 | . | ‡a337 pages ; ‡c24 cm. | |
| 336 | . | ‡atext ‡btxt ‡2rdacontent. | |
| 337 | . | ‡aunmediated ‡bn ‡2rdamedia. | |
| 338 | . | ‡avolume ‡bnc ‡2rdacarrier. | |
| 490 | 0 | . | ‡aCyrus Haven ; ‡v2 |
| 520 | . | ‡aFinds criminal psychologist Cyrus Haven uncovering answers about Evie Cormac's dark past that force the latter to flee and question whether or not her secrets should remain hidden. | |
| 650 | 0. | ‡aForensic psychologists ‡vFiction. | |
| 650 | 0. | ‡aIdentity (Psychology) ‡vFiction. ‡0(LARL_NWRL_CONSORTIUM)165192 | |
| 650 | 0. | ‡aPsychologists ‡vFiction. ‡0(LARL_NWRL_CONSORTIUM)166793 | |
| 650 | 0. | ‡aTeenage girls ‡vFiction. ‡0(LARL_NWRL_CONSORTIUM)167625 | |
| 650 | 0. | ‡aMurder ‡xInvestigation ‡vFiction. ‡0(LARL_NWRL_CONSORTIUM)166203 | |
| 650 | 0. | ‡aSecrecy ‡vFiction. ‡0(LARL_NWRL_CONSORTIUM)167261 | |
| 655 | 7. | ‡aPsychological fiction. ‡2lcgft. | |
| 655 | 7. | ‡aThrillers (Fiction) ‡2lcgft. | |
| 901 | . | ‡a340948 ‡bOCoLC ‡c340948 ‡tbiblio ‡soclc | |

Add to basket
Permalink
Disable Highlighting